A memoir of Abraham Lincoln, president elect of the United States of America : his opinion on secession, extracts from the United States Constitution, &c. : to which is appended an historical sketch on slavery, reprinted by permission from "The Times".
| Main Author: | |
|---|---|
| Format: | eBook |
| Language: | English |
| Published: |
London :
Sampson Low, Son and Company,
1861.
|
| Series: | Core collection.
U.S. presidential library. Slavery in America and the world: history, culture & law. |
| Subjects: | |
| Online Access: | Connect to the full text of this electronic book |
MARC
| Tag | First Indicator | Second Indicator | Subfields |
|---|---|---|---|
| LEADER | 00000cam a2200000 i 4500 | ||
| 001 | in00004409913 | ||
| 005 | 20210422111756.0 | ||
| 006 | m fo d | ||
| 007 | cr bn nnnauuuu | ||
| 008 | 120622s1861 enkc o 000 0beng d | ||
| 035 | |a ccn00356443 | ||
| 040 | |a NjRocCCS |b eng |e rda |c NjRocCCS |d UtOrBLW | ||
| 043 | |a n-us--- | ||
| 050 | 4 | |a E457 |b .B53 1861 | |
| 100 | 1 | |a Black, Robert, |d 1829-1915, |e author. |0 http://id.loc.gov/authorities/names/no93036712 | |
| 245 | 1 | 2 | |a A memoir of Abraham Lincoln, president elect of the United States of America : |b his opinion on secession, extracts from the United States Constitution, &c. : to which is appended an historical sketch on slavery, reprinted by permission from "The Times". |
| 246 | 1 | 6 | |a President Lincoln |
| 264 | 1 | |a London : |b Sampson Low, Son and Company, |c 1861. | |
| 264 | 2 | |a [Buffalo, New York] : |b William S. Hein and Company, |c [2012] | |
| 300 | |a 1 online resource (126, 16 pages) : |b portrait. | ||
| 336 | |a text |b txt |2 rdacontent | ||
| 337 | |a computer |b c |2 rdamedia | ||
| 338 | |a online resource |b cr |2 rdacarrier | ||
| 490 | 0 | |a HeinOnline legal classics library |0 http://id.loc.gov/authorities/names/no94001626 | |
| 490 | 1 | |a HeinOnline core collection | |
| 490 | 1 | |a HeinOnline U.S. presidential library | |
| 490 | 1 | |a HeinOnline slavery in America and the world: history, culture & law | |
| 588 | |a Description based on PDF title page, viewed June 22, 2012. | ||
| 500 | |a Preface signed: R.B.; attributed to Robert Black. | ||
| 500 | |a Publisher's advertisements--16 pages at end. | ||
| 600 | 1 | 0 | |a Lincoln, Abraham, |d 1809-1865. |0 http://id.loc.gov/authorities/names/n79006779 |
| 650 | 0 | |a Slavery |z United States. |0 http://id.loc.gov/authorities/subjects/sh85123326 | |
| 651 | 0 | |a United States |x Politics and government |y 1861-1865. |0 http://id.loc.gov/authorities/subjects/sh85140441 | |
| 655 | 7 | |a Electronic books. |2 local | |
| 776 | 0 | 8 | |c Original |w (DLC) 11030685 |
| 830 | 0 | |a Core collection. | |
| 830 | 0 | |a U.S. presidential library. | |
| 830 | 0 | |a Slavery in America and the world: history, culture & law. | |
| 856 | 4 | 0 | |u http://proxy.library.tamu.edu/login?url=https://www.heinonline.org/HOL/Page?handle=hein.beal/meabrlip0001&id=1&size=2&collection=slavery&index=alpha/M_slavery |z Connect to the full text of this electronic book |t 0 |
| 949 | |a E 457 .B53 1861 |w LC |c 1 |i 356443-2001 |d 5/19/2017 |l MAIN |m HEN |q 4 |r Y |s Y |t WEB |u 6/25/2012 |x ENG |z N-US | ||
| 999 | f | f | |s d3e8e591-ee77-3e35-866c-ca6b06a5ac05 |i 1799ee50-e7c6-3b5f-bc09-fac5b769d7be |t 0 |
| 952 | f | f | |a Texas A&M University |b College Station |c Electronic Resources |d Available Online |t 0 |e E457 .B53 1861 |h Library of Congress classification |
| 998 | f | f | |a E457 .B53 1861 |t 0 |l Available Online |